Geography Quiz

Random Geography or Blitz Quiz

'U' Countries Quiz Stats

 Plays Quiz Updated Jun 2, 2018

Score 0/7 Timer 00:30
15 Plays Today
Country % Correct
Uganda
83.6%
Uruguay
79%
United States of America
75.3%
United Kingdom
74.1%
Uzbekistan
68%
United Arab Emirates
54.3%
Ukraine
46.7%

You're not logged in!

Compare scores with friends on all Sporcle quizzes.
OR
Log In

Sporcle TV

Today on Sporcle TV


Watch our educational content, quiz creation guides, and fun videos on Sporcle TV.

Show Comments

Extras

Top Quizzes Today


Score Distribution

Your Account Isn't Verified!

In order to create a playlist on Sporcle, you need to verify the email address you used during registration. Go to your Sporcle Settings to finish the process.

Report this User

Report this user for behavior that violates our Community Guidelines.

Details: